Southville International School and Colleges
Your cart is empty.
  • Cart
  • Lists
    Public lists list_1 View all
    Your lists Log in to create your own lists
  • Log in to your account
  • Your cookies
  • Search history
Southville International School and Colleges
  • Advanced search
  • Recent comments
  • Most popular
  • Libraries

Log in to your account

Log in with GOOGLE


If you do not have an external account, but do have a local account, you can still log in:

  1. Home
  2. MARC view: Disney's Winnie the pooh.
Normal view MARC view ISBD view

Disney's Winnie the pooh. (Record no. 111143)

[ view plain ]
MARC details
000 -LEADER
fixed length control field 00370nam a2200157 a 4500
001 - CONTROL NUMBER
control field 3378
005 - DATE AND TIME OF LATEST TRANSACTION
control field 20140414131910.0
008 - FIXED-LENGTH DATA ELEMENTS--GENERAL INFORMATION
fixed length control field 040721s19uu xx 00 eng d
020 ## - INTERNATIONAL STANDARD BOOK NUMBER
International Standard Book Number 1570820538
050 ## - LIBRARY OF CONGRESS CALL NUMBER
Classification number ER
Item number W72 1997
245 ## - TITLE STATEMENT
Title Disney's Winnie the pooh.
260 ## - PUBLICATION, DISTRIBUTION, ETC. (IMPRINT)
Place of publication, distribution, etc New York :
Name of publisher, distributor, etc Mouse Works.
300 ## - PHYSICAL DESCRIPTION
Extent 93
650 ## - SUBJECT ADDED ENTRY--TOPICAL TERM
Topical term or geographic name as entry element Children stories.
Holdings
Withdrawn status Lost status Damaged status Home library Current library Shelving location Date acquired Source of acquisition Total Checkouts Full call number Barcode Date last seen Price effective from Koha item type
      Munich Library Munich Library Easy Reading Section 03/19/2013     ER W72 1997 M1720 04/14/2014 04/14/2014 Books

Disney's Winnie the pooh.

APA

Disney's Winnie the pooh. New York: Mouse Works.

Chicago

Disney's Winnie the pooh. New York: Mouse Works.

Harvard

Disney's Winnie the pooh. New York: Mouse Works.

MLA

New York: Mouse Works. .

  • Place hold
  • Print
  • Cite
  • Add to your cart (remove)
  • Save record
    BIBTEX Dublin Core MARCXML MARC (non-Unicode/MARC-8) MARC (Unicode/UTF-8) MARC (Unicode/UTF-8, Standard) MODS (XML) RIS
  • More searches
    Search for this title in:
    Other Libraries (WorldCat) Other Databases (Google Scholar) Online Stores (Bookfinder.com) Open Library (openlibrary.org)

Exporting to Dublin Core...

SOUTHVILLE LIBRARY

Southville International School and Colleges Library

1281 Tropical Ave. Cor. Luxembourg St., BF Homes International, Las Pinas City

Tel. No. 8256374 / 252358 Loc. 117/146

Powered by Koha